Govt. of
Madhya Pradesh

Normal view MARC view

Entry Personal Name

Number of records used in: 1

001 - CONTROL NUMBER

  • control field: 51190

003 - CONTROL NUMBER IDENTIFIER

  • control field: OSt

005 - DATE AND TIME OF LATEST TRANSACTION

  • control field: 20160409112702.0

008 - FIXED-LENGTH DATA ELEMENTS

  • fixed length control field: 160409|| aca||aabn | a|a d

040 ## - CATALOGING SOURCE

  • Original cataloging agency: OSt
  • Transcribing agency: OSt

100 ## - HEADING--PERSONAL NAME

  • Personal name: सी एम दबे

670 ## - SOURCE DATA FOUND

  • Source citation: Work cat.: (OSt)11436: सी एम दबे, सरल बाल विज्ञान विश्‍वकोश , 2002